000 00372nam a2200145 i 4500
001 bg
100 1 _aBIAŁECKI, Ireneusz
245 0 _aFunkcjonowanie olimpiad matematycznych /
_cIreneusz Białecki.
260 _aWarszawa,
_c1975.
040 _cBPK
041 _apol
080 _a371.27:51:316:159.92](438)
942 _cKS
008 s pl f |000 0 pol
999 _c16328
_d16328
856 _uhttp://koha.tu.koszalin.pl/cgi-bin/koha/opac-detail.pl?biblionumber=16328
_yKatalog online BPK